000 00292nam a2200121Ia 4500
008 240731s9999 xx 000 0 und d
022 _a2058-184X
245 0 _aContemporary Levant
260 _bRoutledge
856 _uhttps://www.tandfonline.com/loi/ycol20
942 _2ddc
942 _cTFEJ
999 _c76059
_d76059
945 _a1
_bMadushi Gamage
_c1
_dMadushi Gamage